Geometry / (Record no. 10542)
[ view plain ]
| 000 -LEADER | |
|---|---|
| fixed length control field | 00521nam a22001697a 4500 |
| 003 - CONTROL NUMBER IDENTIFIER | |
| control field | URS |
| 005 - DATE AND TIME OF LATEST TRANSACTION | |
| control field | 20260223112632.0 |
| 008 - FIXED-LENGTH DATA ELEMENTS--GENERAL INFORMATION | |
| fixed length control field | 190606b ||||| |||| 00| 0 eng d |
| 040 ## - CATALOGING SOURCE | |
| Language of cataloging | English |
| Transcribing agency | URS |
| Description conventions | rda |
| 050 00 - LIBRARY OF CONGRESS CALL NUMBER | |
| Classification number | QA453 |
| Item number | .C111 1979 |
| 100 ## - MAIN ENTRY--PERSONAL NAME | |
| Personal name | Cabansay, Myrna Arendoque. |
| Relator term | author. |
| 245 ## - TITLE STATEMENT | |
| Title | Geometry / |
| Statement of responsibility, etc | Myrna Arendoque Cabansay. |
| 264 ## - PUBLICATION, DISTRIBUTION, ETC. (IMPRINT) | |
| Place of publication, distribution, etc | Glenview, IL San Juan, Metro Manila : |
| Name of publisher, distributor, etc | Academe Publishing House, |
| Date of publication, distribution, etc | ©1979. |
| 300 ## - PHYSICAL DESCRIPTION | |
| Extent | 348 pages : |
| Other physical details | illustrations ; |
| Dimensions | 24 cm. |
| 650 #0 - SUBJECT ADDED ENTRY--TOPICAL TERM | |
| Topical term or geographic name as entry element | Geometry. |
| 942 ## - ADDED ENTRY ELEMENTS (KOHA) | |
| Source of classification or shelving scheme | Library of Congress Classification |
| Koha item type | Filipiniana |
| Withdrawn status | Lost status | Source of classification or shelving scheme | Damaged status | Not for loan | Collection code | Home library | Current library | Shelving location | Date acquired | Source of acquisition | Total Checkouts | Full call number | Barcode | Date last seen | Copy number | Koha item type |
|---|---|---|---|---|---|---|---|---|---|---|---|---|---|---|---|---|
| Library of Congress Classification | Non-fiction | Taytay College Library | Taytay College Library | Filipiniana Section | 06/06/2019 | Donation | QA453 .C111 1979 | URSTAY-876 | 06/03/2025 | 1 | Filipiniana |